Kitty and the Clifftop Peril / (Record no. 204062)

MARC details
000 -LEADER
fixed length control field 01100nam a2200325 ia4500
003 - CONTROL NUMBER IDENTIFIER
control field OSt
005 - DATE AND TIME OF LATEST TRANSACTION
control field 20260429153759.0
008 - FIXED-LENGTH DATA ELEMENTS--GENERAL INFORMATION
fixed length control field 260429t20252025enka jrb 000 1 eng d
020 ## - INTERNATIONAL STANDARD BOOK NUMBER
International Standard Book Number 9780192787651
Terms of availability RM 51.50
Qualifying information paperback
040 ## - CATALOGING SOURCE
Original cataloging agency PPAK
Language of cataloging eng
Transcribing agency PPAK
Description conventions rda
082 04 - DEWEY DECIMAL CLASSIFICATION NUMBER
Edition number 23
Classification number 823.92
090 00 - LOCALLY ASSIGNED LC-TYPE CALL NUMBER (OCLC); LOCAL CALL NUMBER (RLIN)
Classification number (OCLC) (R) ; Classification number, CALL (RLIN) (NR) 823.92
Feature heading HAR
Feature heading K
100 1# - MAIN ENTRY--PERSONAL NAME
Personal name Harrison, Paula,
Relator term author.
245 10 - TITLE STATEMENT
Title Kitty and the Clifftop Peril /
Statement of responsibility, etc. Written by Paula Harrison ; Illustrated by Jenny Lovlie
264 #1 - PRODUCTION, PUBLICATION, DISTRIBUTION, MANUFACTURE, AND COPYRIGHT NOTICE
Place of production, publication, distribution, manufacture [England] :
Name of producer, publisher, distributor, manufacturer Oxford University Press,
Date of production, publication, distribution, manufacture, or copyright notice 2025
Date of production, publication, distribution, manufacture, or copyright notice ©2025
300 ## - PHYSICAL DESCRIPTION
Extent 111 pages :
Other physical details colour illustrations ;
Dimensions 19 cm
336 ## - CONTENT TYPE
Content type term text
Source rdacontent
337 ## - MEDIA TYPE
Media type term unmediated
Source rdamedia
338 ## - CARRIER TYPE
Carrier type term volume
Source rdacarrier
490 1# - SERIES STATEMENT
Series statement Kitty
600 00 - SUBJECT ADDED ENTRY--PERSONAL NAME
Personal name Kitty (Fictitious character from Harrison)
Form subdivision Juvenile fiction.
650 10 - SUBJECT ADDED ENTRY--TOPICAL TERM
Topical term or geographic name entry element Children's stories, English
Topical term or geographic name entry element Cats
Form subdivision Juvenile fiction
Topical term or geographic name entry element Superheroes
Form subdivision Juvenile fiction
Topical term or geographic name entry element Friendship
Form subdivision Juvenile fiction
700 1# - ADDED ENTRY--PERSONAL NAME
Personal name Lovlie, Jenny,
Relator term illustrator.
830 #0 - SERIES ADDED ENTRY--UNIFORM TITLE
Uniform title Kitty
942 ## - ADDED ENTRY ELEMENTS (KOHA)
Source of classification or shelving scheme Dewey Decimal Classification
Koha item type Book
Holdings
Withdrawn Not for loan Current library Shelving location Date acquired Total Checkouts Full call number Barcode Date last seen Koha item type
    Perpustakaan Alor Setar Pinjaman Kanak-kanak 12/05/2026   K 823.92 HAR A01916255 12/05/2026 Book